| 000 | 01618nam0a2200373 4500 | ||
|---|---|---|---|
| 001 | RU\NLR\BIBL_A\011946147 | ||
| 005 | 20220624141609.0 | ||
| 010 |
_a978-5-17-113127-2 _93000 |
||
| 021 |
_aRU _bКН-П-19-003951 _9КН-П-19-0290 |
||
| 035 | _a(NLR Aleph) 011946147 | ||
| 035 | _a(RuMoRGB)009874673 | ||
| 090 |
_a11120000 _c11120000 |
||
| 100 | _a20190225d2019 u y0rusy50 ca | ||
| 101 | 0 | _arus | |
| 102 | _aRU | ||
| 105 | _aac||fzzz000zy | ||
| 200 | 1 |
_aОружие и боевая техника _e[для среднего и старшего школьного возраста] _fВ. В. Ликсо, А. Г. Мерников, Е. О. Хомич |
|
| 210 |
_aМосква _cАСТ _d2019 |
||
| 215 |
_a191 с. _cцв. ил., ил., портр. _d27 |
||
| 225 | 1 | _aБольшая детская военная энциклопедия | |
| 300 | _aНа обл. авт. не указаны | ||
| 333 | _a12+ | ||
| 606 | 1 |
_aСтрелковое оружие _jЭнциклопедии для детей _2nlr_sh1 _2nlr_sh2 _3RU\NLR\AUTH\6673706 |
|
| 606 | 1 |
_aВоенная техника _jЭнциклопедии для детей _z1914 - 1918 _2nlr_sh2 _3RU\NLR\AUTH\6601552815 |
|
| 686 | 0 |
_aШ9 _bЦ |
|
| 700 | 1 |
_aЛиксо _bВ. В. _gВячеслав Владимирович |
|
| 701 | 1 |
_aМерников _bА. Г. _gАндрей Геннадьевич |
|
| 701 | 1 |
_aХомич _bЕ. О. _gЕлена Олеговна |
|
| 942 | _cBOOK | ||
| 980 | _aNBR | ||
| 980 | _aNB | ||